[Event "9 ème open de Salon de Provence - A"]
[Site "Salon de Provence"]
[Date "2017.07.07"]
[Round "7.11"]
[White "Hernandez, Lara"]
[Black "Busson, Benoist"]
[Result "1/2-1/2"]
[WhiteElo "1919"]
[BlackElo "1898"]
[PlyCount "95"]
[EventDate "2017.??.??"]
[WhiteTeam "Echiquier Carcassonnais "]
[BlackTeam "Salon Nostradamus"]

1. e4 e5 2. Nf3 Nc6 3. Bc4 Nf6 4. d3 Be7 5. O-O O-O 6. c3 d6 7. a4 h6 8. Nbd2
Nh7 9. h3 Kh8 10. d4 f5 11. Bd5 exd4 12. Bxc6 bxc6 13. Nxd4 c5 14. Nc6 Qe8 15.
Nxe7 Qxe7 16. Re1 fxe4 17. Rxe4 Qf7 18. Nf3 Bb7 19. Rf4 Qe7 20. Nh4 Rf6 21. Qb3
Bc6 22. Bd2 Nf8 23. Nf5 Qf7 24. Qxf7 Rxf7 25. Ng3 Rxf4 26. Bxf4 Re8 27. b4 Ne6
28. Be3 cxb4 29. cxb4 a6 30. Nf5 Rb8 31. Ne7 Bd7 32. Nd5 Bc6 33. Ne7 Be4 34. f3
Re8 35. fxe4 Rxe7 36. Kf2 Re8 37. Rc1 Rb8 38. Rc4 Kg8 39. Kg3 Kf7 40. h4 h5 41.
Kf3 g6 42. Bd2 Ke7 43. g3 Kd7 44. Be3 Rb7 45. Ke2 Rb8 46. Kf3 Rb7 47. Ke2 Rb8
48. Kf3 1/2-1/2

[Event "9 ème open de Salon de Provence - A"]
[Site "Salon de Provence"]
[Date "2017.07.07"]
[Round "7.12"]
[White "Bartolomei, Romain"]
[Black "Versporten, Wim"]
[Result "0-1"]
[WhiteElo "1720"]
[BlackElo "2019"]
[PlyCount "82"]
[EventDate "2017.??.??"]
[WhiteTeam "Marseille Passion Echecs"]

1. b4 d5 2. Bb2 c6 3. Nf3 e6 4. e3 f5 5. c4 Nf6 6. a3 Bd6 7. Be2 O-O 8. O-O Qe7
9. c5 Bc7 10. Be5 Ng4 11. Bxc7 Qxc7 12. h3 Nh6 13. d4 Nf7 14. Nbd2 e5 15. dxe5
Nxe5 16. Nxe5 Qxe5 17. Nf3 Qe7 18. Qd4 Nd7 19. Bd3 Nf6 20. Rfe1 Re8 21. Nd2 Ne4
22. Re2 Bd7 23. Rae1 g5 24. f3 Ng3 25. Rf2 h5 26. Nf1 h4 27. f4 Ne4 28. Rfe2 g4
29. Kh1 Ng3+ 30. Nxg3 hxg3 31. e4 fxe4 32. Bxe4 dxe4 33. Rxe4 Qf7 34. f5 Bxf5
35. Rxg4+ Bxg4 36. Qxg4+ Qg7 37. Qc4+ Qf7 38. Qg4+ Kf8 39. Rxe8+ Rxe8 40. Qxg3
Qf6 41. Qc7 Qa1+ 0-1

[Event "9 ème open de Salon de Provence - A"]
[Site "Salon de Provence"]
[Date "2017.07.07"]
[Round "7.13"]
[White "Got, Lionel"]
[Black "Lauret, Patrick"]
[Result "0-1"]
[WhiteElo "1717"]
[BlackElo "1777"]
[PlyCount "56"]
[EventDate "2017.??.??"]
[WhiteTeam "Club Provence Echecs"]
[BlackTeam "Club d'Echecs de Meyreuil"]

1. e4 e6 2. Nf3 c5 3. d4 cxd4 4. Nxd4 a6 5. c4 Nf6 6. Bd3 Nc6 7. Be3 Bb4+ 8.
Nd2 Ne5 9. Qb3 Nfg4 10. Be2 Nxe3 11. Qxe3 Qc7 12. O-O O-O 13. a3 Bc5 14. b4 Ba7
15. Qg3 d6 16. Kh1 Ng6 17. Rac1 e5 18. N4f3 Nf4 19. Bd3 Qd7 20. h3 Qe6 21. Rce1
Qh6 22. c5 Bxh3 23. Kg1 Bxg2 24. Nh2 Bxf1 25. Bxf1 Rac8 26. Nb3 dxc5 27. bxc5
Bxc5 28. Nxc5 b6 0-1

[Event "9 ème open de Salon de Provence - A"]
[Site "Salon de Provence"]
[Date "2017.07.07"]
[Round "7.14"]
[White "Piat, Jean-Pascal"]
[Black "Bregier, Gerard"]
[Result "1/2-1/2"]
[WhiteElo "1729"]
[BlackElo "1446"]
[PlyCount "42"]
[EventDate "2017.??.??"]
[WhiteTeam "Cheval Marin d'Istres-Fos"]
[BlackTeam "Salon Nostradamus"]

1. d4 b6 2. e4 Bb7 3. Nd2 e6 4. Ngf3 c5 5. c3 Nf6 6. Bd3 Nc6 7. O-O Be7 8. Re1
cxd4 9. cxd4 Nb4 10. Bb1 O-O 11. a3 Nc6 12. e5 Nd5 13. Ne4 f6 14. exf6 Nxf6 15.
Neg5 h6 16. Qd3 hxg5 17. Nxg5 Qe8 18. Re3 Nxd4 19. Rh3 Nf5 20. g4 Nxg4 21. Ba2
Bc5 1/2-1/2